000 00810nam a2200277 a 4500
003 AR-BaBNM
005 20251128205007.0
008 082120s2002 ||||||||||||||000 | spa||
020 _a950-04-0968-2
040 _cAR-BaBNM
100 1 _aBuscaglia, Leo
245 0 0 _aLos discapacitados
_by sus padres
260 _aBuenos Aires
_bEmecé
_c1990
300 _a345 p.
500 _aReseña de la literatura sobre el tema y consejos para los discapacitados y sus padres en el capítulo 3
650 4 _aDERECHOS HUMANOS
650 4 _aFACTORES SOCIALES
650 4 _aEDUCACION ESPECIAL
650 4 _aASESORES PEDAGOGICOS
650 4 _aFAMILIA
653 _aDISCAPACIDADES
653 _aORIENTACION EDUCATIVA
700 1 _aCochella de Córdova, María C.
_etraductor
942 _cBK
998 _csilvi
999 _c9614
_d9614